| 000 | 00543cam a2200145u 4500 | ||
|---|---|---|---|
| 001 | 000001255 | ||
| 005 | 20200929145524.0 | ||
| 008 | 850618s1924 fr c 000 0 fre | ||
| 040 |
_aDO-SdBNP _bspa _cBNPHU |
||
| 100 | 1 |
_aBonnescase, Julien, _d1878 _94263 |
|
| 245 | 1 | 2 |
_aL'ecole de l'exegese en droit civil. : _bLes traits distinctifs de sa doctrine et de ses methodes d'apres la profession de foi de ses plus illustres representants. |
| 250 | _a2. ed. | ||
| 260 |
_aParis, : _bE. de Boccard, _c1924. |
||
| 300 |
_a2 p.l., 285 p. : _bports. ; _c23 cm. |
||
| 999 |
_c1198 _d1198 |
||